LDR 00927naa#a2200193#i#450# 001 EN\INFRA-M\bibl\123211 005 20260513164723.3 011 ## _a2500-0527 100 ## _a20260427b2026####ek#y0engy0150####ca 102 ## _aRU 200 1# _aA.A. Bogdanov's model of the life cycle of an organization: "complexity-conjugation-ingression-disingression" _eJournal article 210 1# _aMoscow _cINFRA-M Academic Publishing LLC. _d2026 215 ## _a18 с. 608 ## _aJournal article _2local 675 ## _aЭкономические науки в целом. Политическая экономия. 330 _aЭкономическое положение. Экономическая политика. Управление и планирование в экономике. Производство. Услуги. Цены. 338 _z 700 #1 _aTebekin _gA. V. 700 #1 _aTebekin _gP. A. 700 #1 _aEgorova _gAleksandra Alekseevna 856 4# _anaukaru.ru _u